banner koha

Automatização de pulverizador pneumático tratorizado em função do déficit de pressão de vapor d'água no ar (Registro n. 241486)

MARC details
000 -LÍDER
campo de controle de tamanho fixo 00900nas a2200289 4500
001 - NÚMERO DE CONTROLE
campo de controle BR2015000160
003 - IDENTIFICADOR DO NÚMERO DE CONTROLE
campo de controle BR-BrBNA
005 - DATA E HORÁRIO DA ÚLTIMA TRANSAÇÃO
campo de controle 20231205124908.0
007 - CAMPO FIXO DE DESCRIÇÃO FÍSICA--INFORMAÇÃO GERAL
campo de controle de tamanho fixo ta
008 - CAMPO DE DADOS FIXOS--INFORMAÇÃO GERAL
campo de controle de tamanho fixo 230509b bl.|||p| |||| 00| 00por d
040 ## - FONTE DA CATALOGAÇÃO
Instituição da catalogação original BR-BrBNA
Idioma da catalogação por
Instituição que transcreveu o registro Biblioteca Nacional de Agricultura
041 ## - CÓDIGO DE IDIOMA
Código do idioma do texto/trilha sonora ou título diferente (Pt)
072 ## - CÓDIGO DE CATEGORIA DE ASSUNTO
Código de Categoria de Assunto N20
100 1# - ENTRADA PRINCIPAL--NOME PESSOAL
Nome pessoal Manhani, G.G.
100 1# - ENTRADA PRINCIPAL--NOME PESSOAL
Nome pessoal Teixeira, M.M.
100 1# - ENTRADA PRINCIPAL--NOME PESSOAL
Nome pessoal Fernandes, H.C.
100 1# - ENTRADA PRINCIPAL--NOME PESSOAL
Nome pessoal Zolnier, S.
100 1# - ENTRADA PRINCIPAL--NOME PESSOAL
Nome pessoal Sasaki, R.S.
100 1# - ENTRADA PRINCIPAL--NOME PESSOAL
Nome pessoal Alvarenga, C.B.
245 1# - TÍTULO
Título Automatização de pulverizador pneumático tratorizado em função do déficit de pressão de vapor d'água no ar
650 ## - ASSUNTO--TERMO TÓPICO
Cabeçalho tópico ou nome geográfico MÁQUINA AGRÍCOLA
650 ## - ASSUNTO--TERMO TÓPICO
Cabeçalho tópico ou nome geográfico EVAPORAÇÃO
650 ## - ASSUNTO--TERMO TÓPICO
Cabeçalho tópico ou nome geográfico PULVERIZAÇÃO
773 0# - ENTRADA ANALÍTICA
Título Revista de Agricultura (Brazil)
ISSN - International Standard Serial Number ISSN 0034-7655
Partes relacionadas (Dec 2014), v. 89(3) p. 212-223
Número de controle do registro BR2015000160
909 ## -
-- 202311
-- Lúcia
-- 55
-- Lúcia Elande
942 ## - ELEMENTOS DE ENTRADA ADICIONADOS (KOHA)
Fonte da classificação ou esquema de arquivamento na estante Classificação AGRIS
Ocultar no OPAC Não
Tipo de material Koha Analítica
Exemplares
Situação do descarte Fonte da classificação ou esquema de arquivamento na estante Situação física Não pode ser emprestado Biblioteca de origem Biblioteca atual Localização na estante Enumeração do periódico / cronologia Total de empréstimos Data de último acesso Número do exemplar Tipo de material Koha Fonte de aquisição
  Classificação AGRIS   Consulta local Biblioteca Nacional de Agricultura - Binagri Biblioteca Nacional de Agricultura - Binagri   (Dec 2014), v. 89(3) p. 212-223   29/11/2023 01 Periódicos Portaria Interministerial nº 164/94

BINAGRI

Telefone: (61)3218-2567/2388/3357/2097 - binagri@agro.gov.br

Ministério da Agricultura e Pecuária , Esplanada dos Ministérios, Bloco D, Anexo B, Brasília/DF, CEP: 70.043-900